LEADER 01575nam0 22002773i 450 001 VAN0115170 005 20231124034555.951 100 $a20180222d1999 |0itac50 ba 101 $aita 102 $aIT 105 $a|||| ||||| 200 1 $aGiuseppe Albanese e la Repubblica napoletana del 1799$eatti dell'Incontro di studio, Noci, 27-28 marzo 1998$forganizzato dal Comune di Noci, Istituto italiano per gli studi filosofici-Scuola di alta formazione del sud-est Barese G. Albanese 210 $aNoci$cBiblioteca comunale Mons. Amatulli $d1999 215 $a133 p.$cill.$d21 cm 410 1$1001VAN0115171$12001 $aQuaderni della Biblioteca$1210 $aNoci$cBiblioteca comunale Mons. Amatulli$v5 620 $aIT$dNoci$3VANL002115 712 02$aComune di Noci$3VANV089150 712 02$aIIstituto italiano per gli studi filosofici-Scuola di alta formazione del sud-est Barese G. Albanese$3VANV089151 712 $aBiblioteca comunale Mons. Amatulli$3VANV114706$4650 801 $aIT$bSOL$c20231201$gRICA 856 4 $u/sebina/repository/catalogazione/documenti/Giuseppe Albanese e la repubblica napoletana del 1799.pdf$zGiuseppe Albanese e la repubblica napoletana del 1799.pdf 899 $aBIBLIOTECA DEL DIPARTIMENTO DI SCIENZE POLITICHE JEAN MONNET$1IT-CE0182$2VAN04 912 $aVAN0115170 950 $aBIBLIOTECA DEL DIPARTIMENTO DI SCIENZE POLITICHE JEAN MONNET$d04CONS VI.A.a.283 $e04OMA1596 20180222 $sBuono 996 $aGiuseppe Albanese e la Repubblica napoletana del 1799$9902433 997 $aUNICAMPANIA